000 00421nam a2200181Ia 4500
005 20250603145144.0
008 250603s9999 xx 000 0 und d
020 _a9788131725221
050 _aQA 76.625 .D45/
100 _aDeitel, H. M.
245 0 _aInternet and world wide web: how to program
260 _aIndia
260 _bPearson
260 _c2009
300 _a1329 p
650 _aIndia
942 _cBK
999 _c41037
_d41037